Vascular and interventional imaging : (Record no. 13344)
[ view plain ]
| 000 -LEADER | |
|---|---|
| fixed length control field | 01599cam a2200421 a 4500 |
| 003 - CONTROL NUMBER IDENTIFIER | |
| control field | OSt |
| 005 - DATE AND TIME OF LATEST TRANSACTION | |
| control field | 20140310182430.0 |
| 008 - FIXED-LENGTH DATA ELEMENTS--GENERAL INFORMATION | |
| fixed length control field | 090407s2010 paua b 001 0 eng |
| 020 ## - INTERNATIONAL STANDARD BOOK NUMBER | |
| International Standard Book Number | 9780323052498 (alk. paper) |
| 020 ## - INTERNATIONAL STANDARD BOOK NUMBER | |
| International Standard Book Number | 0323052495 (alk. paper) |
| 042 ## - AUTHENTICATION CODE | |
| Authentication code | pcc |
| 049 ## - LOCAL HOLDINGS (OCLC) | |
| Holding library | CVUA |
| 082 00 - DEWEY DECIMAL CLASSIFICATION NUMBER | |
| Classification number | RC 691.6.I52V43 |
| Item number | .Sa111 2010 |
| 100 1# - MAIN ENTRY--PERSONAL NAME | |
| Personal name | Saad, Nael E. A. |
| 9 (RLIN) | 7421 |
| 245 10 - TITLE STATEMENT | |
| Title | Vascular and interventional imaging : |
| Remainder of title | case review series / |
| Statement of responsibility, etc | Nael E. A. Saad, Suresh Vedantham, Jennifer E. Gould. |
| 250 ## - EDITION STATEMENT | |
| Edition statement | 2nd ed. |
| 260 ## - PUBLICATION, DISTRIBUTION, ETC. (IMPRINT) | |
| Place of publication, distribution, etc | Philadelphia, PA : |
| Name of publisher, distributor, etc | Mosby/Elsevier, |
| Date of publication, distribution, etc | c2010. |
| 300 ## - PHYSICAL DESCRIPTION | |
| Extent | xi, 291 p. : |
| Other physical details | ill. ; |
| Dimensions | 28 cm. |
| 490 1# - SERIES STATEMENT | |
| Series statement | Case review series. |
| 541 ## - IMMEDIATE SOURCE OF ACQUISITION NOTE | |
| -- | 1 |
| 562 ## - COPY AND VERSION IDENTIFICATION NOTE | |
| Number of copies | 1 |
| 650 #0 - SUBJECT ADDED ENTRY--TOPICAL TERM | |
| Topical term or geographic name as entry element | Blood-vessels |
| General subdivision | Imaging |
| Form subdivision | Case studies. |
| 9 (RLIN) | 7422 |
| 650 #0 - SUBJECT ADDED ENTRY--TOPICAL TERM | |
| Topical term or geographic name as entry element | Blood-vessels |
| General subdivision | Interventional radiology |
| Form subdivision | Case studies. |
| 9 (RLIN) | 7423 |
| 650 12 - SUBJECT ADDED ENTRY--TOPICAL TERM | |
| Topical term or geographic name as entry element | Vascular Diseases |
| General subdivision | radiography |
| Form subdivision | Case Reports. |
| 9 (RLIN) | 7424 |
| 650 12 - SUBJECT ADDED ENTRY--TOPICAL TERM | |
| Topical term or geographic name as entry element | Vascular Diseases |
| General subdivision | radiography |
| Form subdivision | Problems and Exercises. |
| 9 (RLIN) | 7425 |
| 650 22 - SUBJECT ADDED ENTRY--TOPICAL TERM | |
| Topical term or geographic name as entry element | Radiography, Interventional |
| General subdivision | methods |
| Form subdivision | Case Reports. |
| 9 (RLIN) | 7426 |
| 650 22 - SUBJECT ADDED ENTRY--TOPICAL TERM | |
| Topical term or geographic name as entry element | Radiography, Interventional |
| General subdivision | methods |
| Form subdivision | Problems and Exercises. |
| 9 (RLIN) | 7427 |
| 700 1# - ADDED ENTRY--PERSONAL NAME | |
| Personal name | Vedantham, Suresh. |
| 9 (RLIN) | 7428 |
| 700 1# - ADDED ENTRY--PERSONAL NAME | |
| Personal name | Gould, Jennifer E. |
| 9 (RLIN) | 7429 |
| 700 1# - ADDED ENTRY--PERSONAL NAME | |
| Personal name | Vedantham, Suresh. |
| Title of a work | Vascular & interventional imaging. |
| 9 (RLIN) | 7430 |
| 700 1# - ADDED ENTRY--PERSONAL NAME | |
| Personal name | Kaufman, John A. |
| Title of a work | Vascular and interventional radiology. |
| 9 (RLIN) | 7431 |
| 830 #0 - SERIES ADDED ENTRY--UNIFORM TITLE | |
| Uniform title | Case review series. |
| 9 (RLIN) | 7432 |
| 910 ## - USER-OPTION DATA (OCLC) | |
| User-option data | 20110715/w/c;ckc |
| 942 ## - ADDED ENTRY ELEMENTS (KOHA) | |
| Source of classification or shelving scheme | Library of Congress Classification |
| Koha item type | |
| 980 ## - EQUIVALENCE OR CROSS-REFERENCE-SERIES STATEMENT--PERSONAL NAME/TITLE [LOCAL, CANADA] | |
| Personal name | 190111 |
| Numeration | 38911 |
| Relator term | 3846 |
| Date of a work | 214442 |
| Miscellaneous information | 1 |
| 981 ## - EQUIVALENCE OR CROSS-REFERENCE-SERIES STATEMENT--CORPORATE NAME/TITLE [LOCAL, CANADA] | |
| Corporate name or jurisdiction name as entry element | ybp |
| Subordinate unit | MDE |
| Date of meeting or treaty signing | 99940695273 |
| Withdrawn status | Lost status | Source of classification or shelving scheme | Damaged status | Home library | Current library | Shelving location | Date acquired | Total Checkouts | Total Renewals | Full call number | Barcode | Date last seen | Date checked out | Copy number | Price effective from | Koha item type |
|---|---|---|---|---|---|---|---|---|---|---|---|---|---|---|---|---|
| Library of Congress Classification | South SEED-LPDH College Library | South SEED-LPDH College Library | South SEED-LPDH College Section | 08/03/2013 | 1 | 1 | RC 691.6.I52V43 .Sa111 2010 | SSLC0126 | 05/15/2018 | 10/24/2014 | 1 | 11/06/2013 | Books |